[Event "Titled Tue 20th May Early"]
[Site "chess.com INT"]
[Date "2025.05.20"]
[Round "6"]
[White "Rosh, Jain"]
[Black "Papaioannou, Dimitrios"]
[Result "0-1"]
[WhiteTitle "FM"]
[BlackTitle "CM"]
[WhiteElo "2254"]
[BlackElo "2200"]
[WhiteFideId "25789465"]
[BlackFideId "25865137"]
[EventDate "2025.05.20"]

1. e4 c5 2. Nf3 Nc6 3. Bb5 e6 4. Bxc6 bxc6 5. c3 Ne7 6. O-O Ng6 7. d4 d5 8. Nbd2
Be7 9. dxc5 O-O 10. b4 e5 11. Bb2 f5 12. exd5 cxd5 13. c4 d4 14. Re1 Bf6 15. Nb3
Qc7 16. b5 Kh8 17. c6 d3 18. Nc5 e4 19. Bxf6 gxf6 20. Nd4 Qe5 21. Ndb3 Nf4 22.
g3 Rg8 23. Kf1 Ne2 24. Rxe2 dxe2+ 25. Qxe2 a5 26. a4 f4 27. Qxe4 Bh3+ 28. Kg1
Qg5 29. c7 Rae8 30. Qd3 Bf5 31. Qd4 fxg3 32. hxg3 Re2 33. b6 Qh6 34. Qc3 Rxf2
35. Kxf2 Qh2+ 36. Ke1 Re8+ 37. Kd1 Qh1+ 38. Kd2 Qg2+ 39. Kc1 Re1+ 40. Qxe1 Qc2# 0-1

[Event "Titled Tue 20th May Early"]
[Site "chess.com INT"]
[Date "2025.05.20"]
[Round "6"]
[White "Vasilenok, Anton"]
[Black "Molina, Roberto Junio Brito"]
[Result "0-1"]
[WhiteTitle "CM"]
[BlackTitle "IM"]
[WhiteElo "2137"]
[BlackElo "2381"]
[WhiteFideId "34133124"]
[BlackFideId "2109450"]
[EventDate "2025.05.20"]

1. d4 d5 2. c4 c6 3. Nc3 Nf6 4. e3 a6 5. Nf3 Bf5 6. Qb3 Ra7 7. a4 h6 8. Be2 e6
9. O-O Nbd7 10. c5 Be7 11. a5 O-O 12. Na4 Ne4 13. Nd2 e5 14. Nxe4 Bxe4 15. Nb6
Bf6 16. Qb4 Re8 17. Bd2 exd4 18. exd4 Nxb6 19. axb6 Ra8 20. Rae1 Qd7 21. Qc3 Qf5
22. f3 Bc2 23. g4 Qg6 24. Be3 Bh4 25. Bf2 Bxf2+ 26. Kxf2 Ba4 27. Qd2 Qf6 28. Bd1
Bb5 29. Rxe8+ Rxe8 30. Rg1 Qh4+ 31. Kg2 f5 32. Qf2 Qf6 33. Re1 Rf8 34. Qg3 Qxd4
35. gxf5 Qxb2+ 36. Kh1 Rxf5 37. Re7 Rg5 38. Re8+ Kf7 0-1

[Event "Titled Tue 20th May Early"]
[Site "chess.com INT"]
[Date "2025.05.20"]
[Round "6"]
[White "Garcia Correa, Jose Ricardo"]
[Black "Turcsanyi, Vince Gergo"]
[Result "0-1"]
[WhiteTitle "FM"]
[BlackTitle "FM"]
[WhiteElo "2103"]
[BlackElo "2321"]
[WhiteFideId "5101832"]
[BlackFideId "791784"]
[EventDate "2025.05.20"]

1. e4 d6 2. d4 Nf6 3. Nc3 c6 4. f3 Qa5 5. Be3 e5 6. Qd2 Nbd7 7. Nge2 Be7 8. Nc1
O-O 9. Nb3 Qc7 10. g4 b5 11. g5 Ne8 12. a4 b4 13. Ne2 a5 14. Ng3 c5 15. dxc5
dxc5 16. Nf5 Bd8 17. Bc4 Nb6 18. Bb5 c4 19. Bxb6 Qxb6 20. Bxc4 Bxf5 21. exf5 Nd6
22. Bd5 Rc8 23. g6 h6 24. gxf7+ Kh7 25. Be6 Bg5 26. Qd3 Rcd8 27. Rd1 Nxf7 28.
f6+ g6 29. Bd5 Bxf6 30. Qe4 Ng5 31. Qg4 Qe3+ 32. Kf1 e4 33. Re1 Qxf3+ 34. Qxf3
Nxf3 35. Rd1 Bxb2 36. Ke2 Ng5 37. h4 Nf7 38. Bxe4 Rde8 39. Kd3 Ne5+ 40. Ke3 Ng4+
41. Kd3 Nf2+ 42. Kc4 Nxe4 43. Rd7+ Kg8 44. Kb5 Re5+ 45. Kc6 Rf6+ 46. Kc7 Re8 47.
Nxa5 Be5+ 48. Kb7 Nc5+ 49. Ka7 Ra6# 0-1

[Event "Titled Tue 20th May Early"]
[Site "chess.com INT"]
[Date "2025.05.20"]
[Round "6"]
[White "Xiong, Jeffery"]
[Black "Dubnevych, Maksym"]
[Result "1/2-1/2"]
[WhiteTitle "GM"]
[BlackTitle "FM"]
[WhiteElo "2636"]
[BlackElo "2292"]
[WhiteFideId "2047640"]
[BlackFideId "14184001"]
[EventDate "2025.05.20"]

1. e4 e5 2. Nf3 Nc6 3. Bc4 Nf6 4. d3 Be7 5. O-O O-O 6. Re1 d6 7. a4 Be6 8. a5 a6
9. Nc3 h6 10. h3 Nh7 11. Nd5 Bg5 12. Nxg5 Nxg5 13. c3 Nh7 14. Re3 Kh8 15. Rg3
Qd7 16. Qh5 f5 17. exf5 Rxf5 18. Qh4 Raf8 19. Be3 Qf7 20. Qe4 Nd8 21. Nb4 c6 22.
Bxe6 Nxe6 23. d4 d5 24. Qc2 e4 25. c4 Nf6 26. cxd5 cxd5 27. Rc1 Nh5 28. Rg4 Nf6
29. Rg3 h5 30. Qe2 h4 31. Rg4 Nxg4 32. hxg4 Nf4 33. Qd1 Rg5 34. Rc5 Qe6 35. f3
exf3 36. Qxf3 Rxg4 37. Bxf4 Rfxf4 38. Qxd5 Qe1+ 39. Kh2 Qg3+ 40. Kg1 Qe1+ 41.
Kh2 Qg3+ 42. Kg1 Rf8 43. Qh5+ Kg8 44. Qd5+ Kh8 45. Qh5+ Kg8 46. Qd5+ Kh8 1/2-1/2

[Event "Titled Tue 20th May Early"]
[Site "chess.com INT"]
[Date "2025.05.20"]
[Round "6"]
[White "Szpar, Milosz"]
[Black "Tan, Jun Ying"]
[Result "1-0"]
[WhiteTitle "IM"]
[BlackTitle "FM"]
[WhiteElo "2475"]
[BlackElo "2414"]
[WhiteFideId "1184989"]
[BlackFideId "5710413"]
[EventDate "2025.05.20"]

1. e4 g6 2. d4 Bg7 3. Nf3 d6 4. c3 Nf6 5. Bd3 O-O 6. O-O Nc6 7. Re1 e5 8. h3 h6
9. Be3 Qe7 10. Nbd2 Nh7 11. a3 Ng5 12. Nxg5 hxg5 13. d5 Nd8 14. Nc4 f5 15. a4 f4
16. Bd2 f3 17. g4 Kh7 18. Kh2 Bh6 19. Rg1 Bd7 20. Rg3 Nf7 21. Be3 Nh8 22. Nd2
Rf4 23. Nxf3 Raf8 24. Kg2 Qf6 25. Qe2 Nf7 26. a5 a6 27. Rh1 Kg7 28. c4 c5 29. b4
cxb4 30. Rb1 b5 31. cxb5 Bxb5 32. Bxb5 axb5 33. Rxb4 Ra8 34. Qxb5 Rf8 35. a6 Nd8
36. Qe2 Qe7 37. a7 Nb7 38. Qa6 Nc5 39. Bxc5 dxc5 40. Rb7 Qxb7 41. Qxb7+ R4f7 42.
a8=Q 1-0

[Event "Titled Tue 20th May Early"]
[Site "chess.com INT"]
[Date "2025.05.20"]
[Round "6"]
[White "Toncheva, Nadya"]
[Black "Avramidou, Anastasia"]
[Result "1-0"]
[WhiteTitle "FM"]
[BlackTitle "FM"]
[WhiteElo "2332"]
[BlackElo "2294"]
[WhiteFideId "2924056"]
[BlackFideId "4239873"]
[EventDate "2025.05.20"]

1. e4 e6 2. d4 d5 3. Nd2 c5 4. exd5 exd5 5. Ngf3 Nc6 6. Bb5 Qe7+ 7. Qe2 Nf6 8.
O-O Qxe2 9. Bxe2 cxd4 10. Re1 Be6 11. Nb3 Bb4 12. Rd1 O-O-O 13. Nbxd4 Rhe8 14.
c3 Bc5 15. Bb5 Bd7 16. Bg5 Be7 17. a4 h6 18. Bf4 Bc5 19. Nxc6 Bxc6 20. Bxc6 bxc6
21. b4 Bb6 22. a5 Bc7 23. Bxc7 Kxc7 24. Nd4 Ne4 25. Rac1 Nd6 26. Re1 Nc4 27. Nf5
Rg8 28. Re7+ Rd7 29. Rce1 g6 30. Rxd7+ Kxd7 31. Re7+ Kd8 32. Rxa7 Re8 33. Ra8+
Kd7 34. Rxe8 Kxe8 35. Nxh6 Nd2 36. a6 Nc4 37. Ng4 Nb6 38. Ne5 Kd8 39. Nxc6+ Kc7
40. b5 Nc4 41. a7 Kb7 42. h4 f6 43. g4 Nd6 44. h5 gxh5 45. gxh5 Nf7 46. Kg2 Nd6
47. h6 Nf7 48. h7 1-0

[Event "Titled Tue 20th May Early"]
[Site "chess.com INT"]
[Date "2025.05.20"]
[Round "6"]
[White "Montano Vicente, Guadalupe"]
[Black "Ndirangu, Nyaruai, Joyce"]
[Result "1-0"]
[BlackTitle "WCM"]
[WhiteElo "1940"]
[BlackElo "1933"]
[WhiteFideId "5181399"]
[BlackFideId "10802886"]
[EventDate "2025.05.20"]

1. d4 d5 2. c4 c6 3. Nf3 g6 4. Nc3 Bg7 5. cxd5 cxd5 6. Qb3 Nf6 7. Bg5 e6 8. e3
Nc6 9. Ne5 O-O 10. Be2 a6 11. O-O Na5 12. Qc2 b5 13. f4 Bb7 14. b3 Rc8 15. Qb2
Qd6 16. Rac1 Rc7 17. Rc2 Rfc8 18. Rfc1 Ne8 19. Bh4 f6 20. Nd3 Kf7 21. Bg3 f5 22.
Ne5+ Bxe5 23. fxe5 Qe7 24. Nd1 Rxc2 25. Rxc2 Rxc2 26. Qxc2 Qc7 27. Bd3 Qxc2 28.
Bxc2 Nc6 29. a3 a5 30. h4 b4 31. a4 Ba6 32. Nb2 Be2 33. Kf2 Bg4 34. Nd3 Nc7 35.
Nc5 Ne7 36. Bf4 Nc6 37. Bg5 Kg7 38. Ke1 h6 39. Bf4 Ne7 40. Bd3 1-0

[Event "Titled Tue 20th May Early"]
[Site "chess.com INT"]
[Date "2025.05.20"]
[Round "6"]
[White "Henriquez Villagra, Cristobal"]
[Black "Drygalov, Sergey"]
[Result "1-0"]
[WhiteTitle "GM"]
[BlackTitle "GM"]
[WhiteElo "2597"]
[BlackElo "2560"]
[WhiteFideId "3409350"]
[BlackFideId "24171743"]
[EventDate "2025.05.20"]

1. e4 c5 2. Nf3 d6 3. d4 cxd4 4. Nxd4 Nf6 5. Nc3 a6 6. h3 e5 7. Nb3 Be7 8. Qf3
Be6 9. Bd2 Nc6 10. O-O-O Rc8 11. Kb1 Qc7 12. Nd5 Bxd5 13. exd5 e4 14. Qe2 Ne5
15. Bc3 O-O 16. f4 exf3 17. gxf3 Rfe8 18. f4 Ng6 19. Qf3 Nd7 20. Bd3 Bf6 21. Bd2
Nc5 22. Nxc5 Qxc5 23. h4 Ne7 24. Bc1 Nxd5 25. c4 Ne3 26. Bxe3 Rxe3 27. Qxb7 Ree8
28. Rhe1 Rf8 29. Qd5 Qb4 30. Re2 g6 31. h5 Rb8 32. Rdd2 Rfe8 33. hxg6 hxg6 34.
Bxg6 Qb7 35. Rxe8+ Rxe8 36. Qxb7 fxg6 37. Qd5+ Kg7 38. Qxd6 Re1+ 39. Kc2 Re4 40.
Qd7+ Re7 41. Qxe7+ Bxe7 42. Rd5 Kf6 43. b3 Ke6 44. Kd3 Bd6 45. Ke4 1-0

[Event "Titled Tue 20th May Early"]
[Site "chess.com INT"]
[Date "2025.05.20"]
[Round "6"]
[White "Schnaider, Ilan"]
[Black "Shubenkova, Veronika"]
[Result "1-0"]
[WhiteTitle "IM"]
[BlackTitle "WFM"]
[WhiteElo "2388"]
[BlackElo "2024"]
[WhiteFideId "169013"]
[BlackFideId "44124040"]
[EventDate "2025.05.20"]

1. d4 d5 2. Nc3 e6 3. e4 Nf6 4. Bg5 Be7 5. e5 Nfd7 6. h4 h6 7. Bxe7 Qxe7 8. Qg4
O-O 9. Nb5 a6 10. Nxc7 Nxe5 11. dxe5 Qxc7 12. O-O-O Qxe5 13. Bd3 Nc6 14. f4 Qe3+
15. Kb1 e5 16. f5 e4 17. Rh3 Qc5 18. Rg3 g6 19. Bf1 Nd4 20. Rc3 Qb6 21. Qf4 Nxf5
22. g4 Nxh4 23. Qxh6 Bxg4 24. Be2 Nf5 25. Qg5 Bxe2 26. Nxe2 Qd8 27. Qg4 d4 28.
Rh3 Qf6 29. Rdh1 Rfe8 30. Nf4 d3 31. cxd3 exd3 32. Nd5 Qe5 33. Rh8+ Qxh8 34.
Rxh8+ Kxh8 35. a4 d2 36. Qh3+ Kg7 37. Qc3+ Kf8 38. Qh8# 1-0

[Event "Titled Tue 20th May Early"]
[Site "chess.com INT"]
[Date "2025.05.20"]
[Round "6"]
[White "Escobar Forero, Alder"]
[Black "Zhauynbay, Alimzhan"]
[Result "0-1"]
[WhiteTitle "GM"]
[BlackTitle "CM"]
[WhiteElo "2414"]
[BlackElo "2077"]
[WhiteFideId "4400801"]
[BlackFideId "13782657"]
[EventDate "2025.05.20"]

1. e4 c5 2. Nf3 e6 3. b3 d5 4. Bb5+ Bd7 5. Bxd7+ Qxd7 6. exd5 exd5 7. O-O Nc6 8.
Re1+ Be7 9. Bb2 f6 10. d4 cxd4 11. Nxd4 Nxd4 12. Qxd4 Nh6 13. Ba3 Nf5 14. Qg4 g6
15. Nc3 Qc6 16. Bxe7 Nxe7 17. Qd4 Kf7 18. Rad1 Rhe8 19. g4 Rac8 20. Re3 Rcd8 21.
Rde1 g5 22. a4 Ng6 23. Rxe8 Rxe8 24. Rxe8 Qxe8 25. Qxd5+ Kf8 26. Qe4 Qc8 27. Nd5
Kg7 28. c4 Ne5 29. h3 h5 30. Ne3 hxg4 31. hxg4 Qc7 32. Nf5+ Kf8 33. Kf1 Qc5 34.
Qxb7 Nxg4 35. Qb8+ Kf7 36. Qb7+ Kg6 37. Ne3 Nxe3+ 38. fxe3 Qxe3 39. Qb5 Qf3+ 40.
Ke1 Qe3+ 41. Kd1 Qd3+ 42. Kc1 g4 43. c5 Qc3+ 44. Kb1 g3 45. Qf1 Qxc5 46. Qd3+
Qf5 47. Kc2 Qxd3+ 48. Kxd3 g2 0-1

[Event "Titled Tue 20th May Early"]
[Site "chess.com INT"]
[Date "2025.05.20"]
[Round "6"]
[White "Ostensen, Nicolai Maxime"]
[Black "Le, Quang Liem"]
[Result "1/2-1/2"]
[WhiteTitle "FM"]
[BlackTitle "GM"]
[WhiteElo "2283"]
[BlackElo "2729"]
[WhiteFideId "1546970"]
[BlackFideId "12401137"]
[EventDate "2025.05.20"]

1. e4 e5 2. Nf3 Nc6 3. Bb5 a6 4. Ba4 Nge7 5. O-O Ng6 6. c3 d5 7. exd5 Qxd5 8. d4
Bg4 9. Nbd2 O-O-O 10. Bb3 Qd7 11. d5 Na5 12. c4 c6 13. h3 Bxf3 14. Nxf3 Nxb3 15.
Qxb3 cxd5 16. cxd5 Qxd5 17. Qc2+ Kb8 18. Be3 Be7 19. Rfd1 Qe6 20. Qa4 Rxd1+ 21.
Rxd1 Rd8 22. Rxd8+ Bxd8 23. Qb4 f6 24. Qc5 b6 25. Qa3 Kb7 26. Nd2 Qd5 27. Qa4 f5
28. Nb3 Nh4 29. f3 Qd1+ 30. Kh2 Qe2 31. Na5+ bxa5 32. Qd7+ Bc7 33. Qd5+ Kc8 34.
Qa8+ Kd7 35. Qd5+ Bd6 36. Qb7+ Ke6 37. Qc8+ Kf7 38. Qd7+ Be7 39. Qd5+ Kf8 40.
Qa8+ Kf7 41. Qd5+ Kf8 42. Qa8+ Kf7 43. Qd5+ 1/2-1/2

[Event "Titled Tue 20th May Early"]
[Site "chess.com INT"]
[Date "2025.05.20"]
[Round "6"]
[White "Mirimanian, Hayk"]
[Black "Souleidis, Georgios"]
[Result "0-1"]
[WhiteTitle "FM"]
[BlackTitle "IM"]
[WhiteElo "2237"]
[BlackElo "2418"]
[WhiteFideId "4700180"]
[BlackFideId "4206827"]
[EventDate "2025.05.20"]

1. d4 Nf6 2. Nf3 g6 3. b4 Bg7 4. Bb2 O-O 5. e3 a5 6. b5 d5 7. c4 c6 8. Nbd2 a4
9. Ba3 Re8 10. Be2 Bg4 11. O-O cxb5 12. cxb5 Nbd7 13. Rb1 e6 14. Qc2 Bf5 15. Bd3
Bxd3 16. Qxd3 Bf8 17. Rfc1 Bxa3 18. Qxa3 Qb6 19. h3 Kg7 20. Rb4 Qa5 21. Rb2 Rec8
22. Rxc8 Rxc8 23. Qd6 Rc1+ 24. Kh2 a3 25. Rb3 Rc3 26. Rxc3 Qxc3 27. Nb1 Qb2 28.
Nxa3 Qxf2 29. Ne5 Nxe5 30. Qxe5 Qxa2 31. Qd6 h5 32. b6 Ne4 33. Qb4 Qf2 34. Nb5
Qg3+ 35. Kg1 Qxe3+ 36. Kh2 Qg3+ 37. Kg1 Qf2+ 38. Kh2 Qf4+ 39. Kg1 h4 40. Qe1 Ng3
41. Qa5 Qe3+ 42. Kh2 Qc1 43. Qa1 Qxa1 0-1

[Event "Titled Tue 20th May Early"]
[Site "chess.com INT"]
[Date "2025.05.20"]
[Round "6"]
[White "Aarav A"]
[Black "Behzad Nazif, Parva"]
[Result "0-1"]
[WhiteTitle "CM"]
[BlackTitle "WIM"]
[WhiteElo "2207"]
[BlackElo "2090"]
[WhiteFideId "25162748"]
[BlackFideId "12563790"]
[EventDate "2025.05.20"]

1. e4 e5 2. Nf3 Nc6 3. d4 exd4 4. Nxd4 Qf6 5. Nf3 Bb4+ 6. c3 Bc5 7. Be2 h6 8.
O-O Nge7 9. Nbd2 O-O 10. a4 a6 11. Qc2 d6 12. b4 Bb6 13. Nc4 Be6 14. Nxb6 cxb6
15. Be3 Rac8 16. Qd2 d5 17. Bxb6 dxe4 18. Nd4 Ne5 19. Bc5 Nc4 20. Qc2 Rfe8 21.
Qxe4 Nd2 22. Qxb7 Nxf1 23. Rxf1 Nd5 24. Qxa6 Nxc3 25. Bf3 Bd7 26. Qxf6 gxf6 27.
a5 Na4 28. Rc1 Nxc5 29. bxc5 Rxc5 30. Rd1 Rxa5 31. h3 Rae5 32. Nc2 Ba4 33. Rd2
Bxc2 34. Rxc2 Kg7 35. Kh2 R8e7 36. Rc4 f5 37. Kg3 Kf6 38. Kf4 R5e6 39. Rc8 Rd6
40. Rh8 Kg7 41. Ra8 Kf6 42. Ra4 Red7 43. Ra5 Rd4+ 44. Kg3 R4d6 45. Kh4 Rd4+ 46.
Kh5 R7d6 47. Ra8 Kg7 48. Ra5 Rf4 49. h4 Rdd4 0-1

[Event "Titled Tue 20th May Early"]
[Site "chess.com INT"]
[Date "2025.05.20"]
[Round "6"]
[White "Subervi, Jonathan Sigfredo"]
[Black "Pacheco, Daniel"]
[Result "0-1"]
[WhiteTitle "FM"]
[BlackTitle "FM"]
[WhiteElo "2039"]
[BlackElo "2191"]
[WhiteFideId "6400345"]
[BlackFideId "101680"]
[EventDate "2025.05.20"]

1. e4 e6 2. d4 d5 3. Nd2 Nf6 4. e5 Nfd7 5. Bd3 c5 6. c3 cxd4 7. cxd4 Nc6 8. Ne2
f6 9. exf6 Nxf6 10. Nf3 Bd6 11. O-O O-O 12. Nc3 a6 13. Bg5 Qc7 14. Bh4 Nh5 15.
Bg3 Nxg3 16. hxg3 h6 17. Rc1 g5 18. Bb1 Qg7 19. Na4 g4 20. Nh4 Qxd4 21. Qc2 Qg7
22. Nb6 e5 23. Nxd5 Be6 24. Rcd1 Nd4 25. Rxd4 exd4 26. Qe4 Rae8 27. Ng6 Bf7 28.
Nde7+ Bxe7 29. Nxe7+ Kh8 30. Re1 Bh5 31. Qxb7 Qf6 32. Re2 Qf7 33. Bd3 Kg7 34.
Nf5+ Kh8 35. Rxe8 Rxe8 36. Qxa6 Bg6 37. Nxh6 Re1+ 38. Kh2 Qh7 39. Qc8+ Re8 40.
Bxg6 Qxh6+ 0-1

[Event "Titled Tue 20th May Early"]
[Site "chess.com INT"]
[Date "2025.05.20"]
[Round "6"]
[White "Dragnev, Valentin"]
[Black "Aakash, G"]
[Result "1-0"]
[WhiteTitle "GM"]
[BlackTitle "FM"]
[WhiteElo "2540"]
[BlackElo "2114"]
[WhiteFideId "1634852"]
[BlackFideId "25644394"]
[EventDate "2025.05.20"]

1. e4 e6 2. d4 d5 3. Nd2 c5 4. Ngf3 cxd4 5. Nxd4 Nc6 6. Bb5 Bd7 7. Nxc6 bxc6 8.
Bd3 Bd6 9. Qe2 Ne7 10. e5 Bc7 11. Nf3 c5 12. c3 Ng6 13. h4 Qb8 14. Bxg6 hxg6 15.
Be3 Bb5 16. Qd2 Bb6 17. O-O-O Qc7 18. Bg5 a5 19. h5 gxh5 20. g4 a4 21. Rxh5 Rxh5
22. gxh5 a3 23. b3 Ba5 24. Qc2 Bc6 25. Qh7 Kd7 26. Qxg7 Kc8 27. Qf8+ Kb7 28.
Qxc5 Rg8 29. Be3 Qd8 30. h6 Bc7 31. Nd4 Be8 32. Nb5 Bxe5 33. Qa7+ Kc6 34. Qa6+
Kd7 35. Qb7+ Bc7 36. Bf4 e5 37. Bxe5 Ke6 38. Nxc7+ Kxe5 39. Rxd5+ Qxd5 40. Qxd5+
Kf6 41. Qd4+ Ke7 42. h7 Rg1+ 43. Kd2 1-0

[Event "Titled Tue 20th May Early"]
[Site "chess.com INT"]
[Date "2025.05.20"]
[Round "6"]
[White "Begmuratov, Alisher"]
[Black "Pribelszky, Bence"]
[Result "1-0"]
[WhiteTitle "FM"]
[BlackTitle "IM"]
[WhiteElo "2395"]
[BlackElo "2400"]
[WhiteFideId "14203367"]
[BlackFideId "769738"]
[EventDate "2025.05.20"]

1. e4 e6 2. Qe2 e5 3. Nf3 Nc6 4. g3 Nf6 5. Bg2 Bc5 6. c3 O-O 7. Nxe5 Nxe5 8. d4
d5 9. dxe5 Nxe4 10. Be3 Qe7 11. Bxc5 Qxc5 12. Nd2 Bf5 13. f4 f6 14. Nxe4 Bxe4
15. Bxe4 dxe4 16. exf6 Rxf6 17. O-O-O Re8 18. Rd4 Rfe6 19. Rhd1 Qa5 20. Kb1 e3
21. Rd5 Qb6 22. Rd8 Qc6 23. R8d7 Rd6 24. R7xd6 cxd6 25. Rd3 Qe4 26. Kc2 d5 27.
Kd1 d4 28. cxd4 Rc8 29. Qxe3 Qh1+ 30. Ke2 Qg2+ 31. Ke1 Qh1+ 32. Kf2 Rc2+ 33. Rd2
Qxh2+ 34. Kf3 Qh1+ 35. Kg4 h5+ 36. Kg5 Qd5+ 37. f5 Rxd2 38. Qxd2 Qf3 39. Qf4 Qe2
40. f6 gxf6+ 41. Kxf6 Kf8 42. Qb8+ Qe8 43. Qxe8+ Kxe8 1-0

[Event "Titled Tue 20th May Early"]
[Site "chess.com INT"]
[Date "2025.05.20"]
[Round "6"]
[White "Tekeyev, Zaur"]
[Black "Jovic, Stanoje"]
[Result "1-0"]
[WhiteTitle "IM"]
[BlackTitle "FM"]
[WhiteElo "2417"]
[BlackElo "2096"]
[WhiteFideId "4199731"]
[BlackFideId "905020"]
[EventDate "2025.05.20"]

1. e4 c6 2. d4 d5 3. e5 c5 4. dxc5 e6 5. a3 Bxc5 6. Qg4 Ne7 7. Bd3 O-O 8. Nf3
Nf5 9. O-O a5 10. Nc3 Nc6 11. Bg5 Be7 12. Bxe7 Ncxe7 13. Rad1 Bd7 14. Rfe1 a4
15. Qb4 Qa5 16. Qf4 Qb6 17. Rb1 Rfc8 18. Ne2 Bb5 19. Qb4 Rc5 20. Ned4 Nxd4 21.
Nxd4 Nc6 22. Nxc6 Qxc6 23. Bxb5 Rxb5 24. Qd2 Rc8 25. c3 Qc4 26. Re2 Rd8 27. Rd1
Qb3 28. h3 Rc5 29. Ree1 h6 30. Re3 Rc4 31. Rg3 Kf8 32. Re1 Rd7 33. Re2 Qb6 34.
Qd3 Kg8 35. Kh2 Qc7 36. Qe3 Kf8 37. Qd3 Kg8 38. Qd2 Re4 39. Qxh6 g6 40. Rxe4
dxe4 41. Qf4 Rd5 42. Rg5 Qc4 43. h4 1-0

[Event "Titled Tue 20th May Early"]
[Site "chess.com INT"]
[Date "2025.05.20"]
[Round "6"]
[White "Fishman, Albert"]
[Black "Kjartansson, Gudmundur"]
[Result "0-1"]
[BlackTitle "GM"]
[WhiteElo "2149"]
[BlackElo "2437"]
[WhiteFideId "2090597"]
[BlackFideId "2301318"]
[EventDate "2025.05.20"]

1. e4 e5 2. Nf3 Nc6 3. Bb5 a6 4. Ba4 Bc5 5. O-O Nge7 6. c3 b5 7. Bc2 d6 8. d4
Bb6 9. dxe5 Nxe5 10. Nxe5 dxe5 11. Qxd8+ Kxd8 12. a4 Bb7 13. axb5 axb5 14. Rxa8+
Bxa8 15. Na3 c6 16. Bb3 f6 17. Nc2 Kc7 18. Be3 Rd8 19. Ra1 Bxe3 20. Nxe3 c5 21.
Ra7+ Bb7 22. Nd5+ Kb8 23. Rxb7+ Kxb7 24. Nxe7 c4 25. Nd5 cxb3 26. Kf1 Ra8 27.
Nb4 Kb6 28. Ke2 Kc5 29. Kd2 Kc4 30. Nd5 Ra2 31. Ne3+ Kc5 32. Kc1 Ra1+ 33. Kd2
Rb1 34. Nd1 b4 35. cxb4+ Kxb4 36. f3 Kc4 37. Ne3+ Kd4 38. Nf5+ Kc5 39. Kc3 g6
40. Ne3 Re1 41. Ng4 f5 42. Nxe5 fxe4 43. fxe4 Rxe4 44. Nd3+ Kb5 45. Kxb3 Re2 46.
Nf4 Rf2 47. g3 g5 48. Ne6 g4 49. Nd4+ Kb6 50. Kc3 Rxh2 51. b4 h5 52. Kc4 h4 53.
gxh4 g3 54. Nf3 Rf2 55. Ng1 g2 56. h5 Rf1 57. Nh3 g1=Q 58. Nxg1 Rxg1 59. Kd4 Rh1
60. Kc4 Rh4+ 61. Kc3 Rxh5 62. Kc4 Rh4+ 63. Kd5 Kb5 64. Ke5 Rxb4 65. Kf5 Kc5 66.
Ke5 Rd4 67. Ke6 Rd5 68. Kf6 Kd6 69. Kf7 Re5 70. Kg6 Ke6 71. Kh7 Rg5 72. Kh6 Kf6
73. Kh7 Rg1 74. Kh8 Kf7 75. Kh7 Rh1# 0-1

[Event "Titled Tue 20th May Early"]
[Site "chess.com INT"]
[Date "2025.05.20"]
[Round "6"]
[White "Tursunalieva, Nurelina"]
[Black "Porozhnyak, Maya"]
[Result "0-1"]
[WhiteTitle "WCM"]
[BlackTitle "WCM"]
[WhiteElo "1810"]
[BlackElo "1974"]
[WhiteFideId "13817329"]
[BlackFideId "34115843"]
[EventDate "2025.05.20"]

1. e4 c5 2. d4 cxd4 3. c3 d3 4. Bxd3 e6 5. Nf3 b6 6. O-O Bb7 7. Nbd2 Qc7 8. Qc2
d6 9. Re1 Nd7 10. Nf1 Ngf6 11. Ng3 Be7 12. Bf4 Ne5 13. Bb5+ Kf8 14. Nxe5 dxe5
15. Be3 a6 16. Bd3 h5 17. h3 h4 18. Ne2 Qc6 19. f4 Nd7 20. fxe5 Nxe5 21. Nf4 Bc5
22. Bxc5+ Qxc5+ 23. Qf2 Qxf2+ 24. Kxf2 g5 25. Nxe6+ fxe6 26. Bc2 Ke7 27. Ke3
Nc4+ 28. Ke2 b5 29. b3 Ne5 30. Ke3 Rac8 31. Kd2 Rhd8+ 32. Ke2 Rxc3 33. Rac1 Ng6
34. Kf2 Rdc8 35. Re2 Nf4 36. Rd2 Nd3+ 37. Rxd3 Rxd3 38. Bxd3 Rxc1 39. Kf3 Kf6
40. Kg4 Ra1 41. e5+ Kxe5 42. Kxg5 Bxg2 43. Kxh4 Rxa2 44. Kg3 Bxh3 45. Kxh3 Ra3
46. Bc2 Kd4 47. Kg3 Kc3 48. Bd1 Rxb3 49. Bxb3 Kxb3 50. Kf3 a5 51. Ke4 a4 52. Ke5
a3 53. Kxe6 a2 54. Ke5 a1=Q+ 55. Kd5 Qc3 56. Kd6 Ka4 57. Kd7 b4 58. Kd6 b3 59.
Kd5 b2 60. Kd6 b1=Q 61. Kd7 Qcc2 62. Kd8 Qbd1+ 63. Ke8 Qce2+ 64. Kf8 Qdf1+ 65.
Kg8 Qeg2+ 66. Kh8 Qfh1# 0-1

[Event "Titled Tue 20th May Early"]
[Site "chess.com INT"]
[Date "2025.05.20"]
[Round "6"]
[White "Papasimakopoulos, Alexandros"]
[Black "Lai, Duc Minh"]
[Result "1-0"]
[WhiteTitle "IM"]
[WhiteElo "2366"]
[BlackElo "2072"]
[WhiteFideId "4244125"]
[BlackFideId "12420387"]
[EventDate "2025.05.20"]

1. d4 f5 2. Nc3 d5 3. Bg5 g6 4. e3 c6 5. Bd3 Nh6 6. Bf4 Nf7 7. Nf3 Bg7 8. h4 h6
9. Ne2 Be6 10. Bg3 Nd6 11. Nf4 Bf7 12. Ne5 g5 13. Nfg6 gxh4 14. Nxh8 Qa5+ 15.
Kf1 Bxh8 16. Rxh4 Bf6 17. Rxh6 Nd7 18. Nxd7 Kxd7 19. Bxd6 Kxd6 20. Bxf5 Rg8 21.
Kg1 c5 22. c3 Qb6 23. b4 c4 24. a4 Kc7 25. Qf3 Kb8 26. Qf4+ Ka8 27. Rh7 Rf8 28.
Qg4 Qd8 29. a5 a6 30. Be6 Be8 31. Rh5 Bc6 32. Bf5 Rg8 33. Qf3 e5 34. Bc2 e4 35.
Qf5 Rf8 36. Qh3 Qe8 37. Rh7 Rg8 38. Qh5 Qe6 39. Ba4 b5 40. axb6 Bb7 41. Bd7 Qxb6
42. b5 a5 43. Bc6 Bxc6 44. bxc6 Rd8 45. Qf7 Bg5 46. Rxa5+ Kb8 47. Qb7+ 1-0

[Event "Titled Tue 20th May Early"]
[Site "chess.com INT"]
[Date "2025.05.20"]
[Round "6"]
[White "Nimmy, A.G."]
[Black "Pein, Jonathan"]
[Result "1-0"]
[WhiteTitle "WIM"]
[BlackTitle "FM"]
[WhiteElo "1990"]
[BlackElo "2237"]
[WhiteFideId "5015308"]
[BlackFideId "417092"]
[EventDate "2025.05.20"]

1. e4 e5 2. Nf3 d6 3. Nc3 Nf6 4. h3 g6 5. d4 exd4 6. Nxd4 Bg7 7. Be3 O-O 8. Bc4
Re8 9. O-O Nxe4 10. Nxe4 Rxe4 11. Bxf7+ Kh8 12. Nf3 Nc6 13. Bd5 Re8 14. Ng5 Ne5
15. f4 h6 16. Qe1 hxg5 17. fxe5 Rxe5 18. Rd1 c6 19. Bb3 d5 20. Qg3 Rxe3 21. Qxe3
Bf5 22. c3 Qd7 23. Qxg5 Re8 24. Rde1 Be4 25. Rf4 Re5 26. Qh4+ Rh5 27. Qf2 Kh7
28. Bc2 Be5 29. Rg4 Rf5 30. Qe2 Bxc2 31. Qxc2 Qf7 32. h4 Qf6 33. Rg5 Rf4 34. g3
Rf3 35. Qg2 d4 36. Rgxe5 d3 37. Re7+ Kh6 38. Qd2+ Kh5 39. Rh7+ Kg4 40. Qg2 d2
41. Re4+ Kf5 42. Qxf3# 1-0